000 00228 a2200097 4500
001 37393
100 _aShahid Javed
245 _aPakistan under Bhutto-1971 to 77
260 _aLondon
_bMacmillan Press
_c
090 _c23862
_d23862
942 _aNUST-CAE
_cM
_c15405
999 _c272466
_d272466